SOCIOLOGIA E INFORMACION /

Guardado en:
Detalles Bibliográficos
Autor principal: Varela, Julia (ed.)
Formato: Libro
Colección:(Genealogía del Poder ; 35)
Temas:
Etiquetas: Agrega una etiqueta
Sin etiquetas, Sé el primero en etiquetar este registro!

MARC

LEADER 00000nam^a2200000^a^4500
001 000247992
005 20250521000000.0
009 20260310105633.835
020 |a 84-7731-389-X 
037 |a Acervo Xavier Clavigero 
082 |a 301.  |b SOC 
100 |a Varela, Julia  |e (ed.) 
245 1 0 |a SOCIOLOGIA E INFORMACION /  |c ED. JULIA VARELA 
264 |a Madrid, España :  |b La Piqueta,  |c 2002 
300 |a 243 p. 
336 |a texto  |b txt  |2 rdacontenido 
337 |a sin mediación  |b n  |2 rdamedio 
338 |a volumen  |b nc  |2 rdasoporte 
440 1 |a (Genealogía del Poder ;  |v 35) 
649 |a XX 
650 |a Género 
650 |a Democracia 
650 |a Sociología de la Comunicación 
650 |a Sociología 
910 |a Fondo General 
920 |a Impresos - Libros 
930 |a Colección General 
905 |a 101 
901 |a 071771  |b IT1  |c ACC  |i 071771  |u 20250521 
902 |a https://opac.biblio.iteso.mx/vufind/Record/000247992